<?xml version="1.0" encoding="UTF-8"?>
<record
    xmlns:xsi="http://www.w3.org/2001/XMLSchema-instance"
    xsi:schemaLocation="http://www.loc.gov/MARC21/slim http://www.loc.gov/standards/marcxml/schema/MARC21slim.xsd"
    xmlns="http://www.loc.gov/MARC21/slim">

  <leader>04282cam a2200433 a 4500</leader>
  <datafield tag="952" ind1=" " ind2=" ">
    <subfield code="0">0</subfield>
    <subfield code="1">0</subfield>
    <subfield code="2">ddc</subfield>
    <subfield code="4">0</subfield>
    <subfield code="7">1</subfield>
    <subfield code="8">NFIC</subfield>
    <subfield code="a">ASL</subfield>
    <subfield code="b">ASL</subfield>
    <subfield code="c">REF</subfield>
    <subfield code="d">2021-12-07</subfield>
    <subfield code="e">ASB Publications</subfield>
    <subfield code="h">ASP-104</subfield>
    <subfield code="l">0</subfield>
    <subfield code="o">503 BAN</subfield>
    <subfield code="p">116226</subfield>
    <subfield code="r">2021-12-07 00:00:00</subfield>
    <subfield code="t">C-1</subfield>
    <subfield code="w">2021-12-07</subfield>
    <subfield code="y">BK</subfield>
    <subfield code="z">V-24</subfield>
  </datafield>
  <datafield tag="952" ind1=" " ind2=" ">
    <subfield code="0">0</subfield>
    <subfield code="1">0</subfield>
    <subfield code="2">ddc</subfield>
    <subfield code="4">0</subfield>
    <subfield code="7">1</subfield>
    <subfield code="8">NFIC</subfield>
    <subfield code="a">ASL</subfield>
    <subfield code="b">ASL</subfield>
    <subfield code="c">REF</subfield>
    <subfield code="d">2021-12-07</subfield>
    <subfield code="e">ASB Publications</subfield>
    <subfield code="h">ASP-104</subfield>
    <subfield code="l">0</subfield>
    <subfield code="o">503 BAN</subfield>
    <subfield code="p">116227</subfield>
    <subfield code="r">2021-12-07 00:00:00</subfield>
    <subfield code="t">C-2</subfield>
    <subfield code="w">2021-12-07</subfield>
    <subfield code="y">BK</subfield>
    <subfield code="z">V-24</subfield>
  </datafield>
  <datafield tag="952" ind1=" " ind2=" ">
    <subfield code="0">0</subfield>
    <subfield code="1">0</subfield>
    <subfield code="2">ddc</subfield>
    <subfield code="4">0</subfield>
    <subfield code="7">1</subfield>
    <subfield code="8">NFIC</subfield>
    <subfield code="a">ASL</subfield>
    <subfield code="b">ASL</subfield>
    <subfield code="c">REF</subfield>
    <subfield code="d">2021-12-07</subfield>
    <subfield code="e">ASB Publications</subfield>
    <subfield code="h">ASP-104</subfield>
    <subfield code="l">0</subfield>
    <subfield code="o">503 BAN</subfield>
    <subfield code="p">116228</subfield>
    <subfield code="r">2021-12-07 00:00:00</subfield>
    <subfield code="t">C-3</subfield>
    <subfield code="w">2021-12-07</subfield>
    <subfield code="y">BK</subfield>
    <subfield code="z">V-24</subfield>
  </datafield>
  <datafield tag="999" ind1=" " ind2=" ">
    <subfield code="c">28402</subfield>
    <subfield code="d">28402</subfield>
  </datafield>
  <controlfield tag="001">15849310</controlfield>
  <controlfield tag="003">BDDh-ASL</controlfield>
  <controlfield tag="005">20231015030921.0</controlfield>
  <controlfield tag="008">170615m20072009bg ab    be   001 0 b    </controlfield>
  <datafield tag="010" ind1=" " ind2=" ">
    <subfield code="a">  2009346463</subfield>
  </datafield>
  <datafield tag="020" ind1=" " ind2=" ">
    <subfield code="z">9843000002860 (set)</subfield>
  </datafield>
  <datafield tag="025" ind1=" " ind2=" ">
    <subfield code="a">B-E-2009-346463; 17</subfield>
  </datafield>
  <datafield tag="037" ind1=" " ind2=" ">
    <subfield code="b">Library of Congress -- New Delhi Overseas Office</subfield>
    <subfield code="c">Tk500 (v. 1 : varies)</subfield>
  </datafield>
  <datafield tag="040" ind1=" " ind2=" ">
    <subfield code="a">DLC</subfield>
    <subfield code="c">BDDh-ASL</subfield>
    <subfield code="d">BDDh-ASL</subfield>
  </datafield>
  <datafield tag="042" ind1=" " ind2=" ">
    <subfield code="a">lcode</subfield>
    <subfield code="a">pcc</subfield>
  </datafield>
  <datafield tag="043" ind1=" " ind2=" ">
    <subfield code="a">a-bg---</subfield>
  </datafield>
  <datafield tag="050" ind1="0" ind2="0">
    <subfield code="a">QK358.7</subfield>
    <subfield code="b">.E53 2007</subfield>
  </datafield>
  <datafield tag="082" ind1=" " ind2=" ">
    <subfield code="a">503</subfield>
    <subfield code="b">BAN</subfield>
  </datafield>
  <datafield tag="245" ind1="0" ind2="0">
    <subfield code="a">&#x9AC;&#x9BE;&#x982;&#x9B2;&#x9BE;&#x9A6;&#x9C7;&#x9B6; &#x989;&#x9A6;&#x9CD;&#x9AD;&#x9BF;&#x9A6; &#x993; &#x9AA;&#x9CD;&#x9B0;&#x9BE;&#x9A3;&#x9C0; &#x99C;&#x9CD;&#x99E;&#x9BE;&#x9A8;&#x995;&#x9CB;&#x9B7;, Vol.-24,  &#x9B8;&#x9BE;&#x9AE;&#x9C1;&#x9A6;&#x9CD;&#x9B0;&#x9BF;&#x995; &#x9AE;&#x9BE;&#x99B;  /</subfield>
    <subfield code="c">&#x9AA;&#x9CD;&#x9B0;&#x9A7;&#x9BE;&#x9A8; &#x9B8;&#x9AE;&#x9CD;&#x9AA;&#x9BE;&#x9A6;&#x995;, &#x99C;&#x9BF;&#x9AF;&#x9BC;&#x9BE; &#x989;&#x9A6;&#x9CD;&#x9A6;&#x9BF;&#x9A8; &#x986;&#x9B9;&#x9AE;&#x9C7;&#x9A6; ; &#x9B8;&#x9AE;&#x9CD;&#x9AA;&#x9BE;&#x9A6;&#x995;, &#x989;&#x9A6;&#x9CD;&#x9AD;&#x9BF;&#x9A6;, &#x99C;&#x9C7;&#x9A1; &#x98F;&#x9A8; &#x9A4;&#x9BE;&#x9B9;&#x9AE;&#x9BF;&#x9A6;&#x9BE; &#x9AC;&#x9C7;&#x997;&#x9AE;, &#x9AE;&#x9CB;: &#x986;&#x9AC;&#x9C1;&#x9B2; &#x9B9;&#x9BE;&#x9B8;&#x9BE;&#x9A8;, &#x9AE;&#x9C1;&#x9A8;&#x9BF;&#x9B0;&#x9C1;&#x99C;&#x9CD;&#x99C;&#x9BE;&#x9AE;&#x9BE;&#x9A8; &#x996;&#x9A8;&#x9CD;&#x9A6;&#x995;&#x9BE;&#x9B0;; ; &#x9AA;&#x9CD;&#x9B0;&#x9BE;&#x9A3;&#x9C0;, &#x9B8;&#x9C8;&#x9AF;&#x9BC;&#x9A6; &#x9AE;&#x9CB;&#x9B9;&#x9BE;&#x9AE;&#x9CD;&#x9AE;&#x9A6; &#x9B9;&#x9C1;&#x9AE;&#x9BE;&#x9AF;&#x9BC;&#x9C1;&#x9A8; &#x995;&#x9AC;&#x9BF;&#x9B0; ... [et al.].</subfield>
  </datafield>
  <datafield tag="246" ind1="3" ind2="0">
    <subfield code="a">Bangladesh Udvid O Prani Gayankosh, Encyclopedia of flora and fauna of Bangladesh</subfield>
  </datafield>
  <datafield tag="260" ind1=" " ind2=" ">
    <subfield code="a">&#x9A2;&#x9BE;&#x995;&#x9BE; :</subfield>
    <subfield code="b">&#x9AC;&#x9BE;&#x982;&#x9B2;&#x9BE;&#x9A6;&#x9C7;&#x9B6; &#x98F;&#x9B6;&#x9BF;&#x9AF;&#x9BC;&#x9BE;&#x99F;&#x9BF;&#x995; &#x9B8;&#x9CB;&#x9B8;&#x9BE;&#x987;&#x99F;&#x9BF; ,</subfield>
    <subfield code="c">&#x9E8;&#x9E6;&#x9E6;&#x9ED;-&lt;&#x9E8;&#x9E6;&#x9E6;&#x9EF;&gt;</subfield>
  </datafield>
  <datafield tag="300" ind1=" " ind2=" ">
    <subfield code="a">&#x9AD;&#x9B2;&#x9BF;&#x989;&#x9AE;. &lt;&#x9E7;-&#x9E8;&#x9EE;&gt; :</subfield>
    <subfield code="b">&#x9B0;&#x999;&#x9CD;&#x997;&#x9BF;&#x9A8; &#x99B;&#x9AC;&#x9BF;, &#x9AE;&#x9CD;&#x9AF;&#x9BE;&#x9AA; ;</subfield>
    <subfield code="c">&#x9E8;&#x9EB; &#x9B8;&#x9C7;. &#x9AE;&#x9BF;. </subfield>
  </datafield>
  <datafield tag="440" ind1=" " ind2=" ">
    <subfield code="a">Asiatic Society of Bangladesh publication; </subfield>
    <subfield code="v">no. 104</subfield>
    <subfield code="9">312</subfield>
  </datafield>
  <datafield tag="500" ind1=" " ind2=" ">
    <subfield code="a">Editors vary in some volumes.</subfield>
  </datafield>
  <datafield tag="504" ind1=" " ind2=" ">
    <subfield code="a">Includes bibliographical references and index.</subfield>
  </datafield>
  <datafield tag="505" ind1="1" ind2=" ">
    <subfield code="a">v. 1. Bangladesh profile -- v. 2. Cyanobacteria, bacteria, and fungi -- v. 3. Algae: Chlorophyta (Aphanochaetaceae-Zygnemataceae) -- v. 4. Algae: Charophyta-Rhodophyta (Achnanthaceae-Vaucheriaceae) -- v. 5. Bryophytes, Pteridophytes, and Gymnosperms -- v. 6. Angiosperms: Dicotyledons (Acanthaceae-Asteraceae) -- v. 7. Angiosperms: Dicotyledons (Balsaminaceae-Euphorbiaceae) -- v. 8. Angiosperms: Dicotyledons (Fabaceae-Lythraceae) -- v. 9. Angiosperms: Dicotyledons Magnoliaceae-Punicaceae -- v. 10. Angiosperms: Dicotyledons Renunculaceae-Zygophyllaceae -- v. 11. Angiosperms: Monocotyledons Agavaceae-Najadaceae -- v. 12. Angiosperms: Monocotyledons, Orchidaceae-Zingiberaceae -- v. 13. Cumulative index flora -- v. 14. Protozoa to Gastrotricha -- v. 15. Platyhelminthes and Nematoda -- v. 16. Annelida Echinodermata Acanthocephala and minor phyla -- v. 17. Molluscs -- v. 18., pt. 1. Arthropoda: Archnida -- v. 18, pt. 2. Arthropoda: Crustacea -- v. 19. Arthropoda: Insecta I (Apterygota and Pterygota (Part)) -- v. 20. Arthropoda: Insecta II (Pterygota orders, Homoptera, Hemiptera Thysanoptera) -- v. 21. Arthropoda: Insceta III Pterygota (part), Pterygota orders, Neuroptera, Mecoptera, Lepidoptera, Trichoptera, Diptera, Siphonaptera -- v. 22. Anthropoda insecta IV -- v. 23. Freshwater fishes -- v. 24. Marine fishes -- v. 25. Ambhibians and reptiles -- v. 26. Birds    -- v. 28. Cumulative index fauna</subfield>
  </datafield>
  <datafield tag="650" ind1=" " ind2="0">
    <subfield code="a">Plants</subfield>
    <subfield code="z">Bangladesh</subfield>
    <subfield code="v">Encyclopedias.</subfield>
    <subfield code="9">421</subfield>
  </datafield>
  <datafield tag="650" ind1=" " ind2="0">
    <subfield code="a">Animals</subfield>
    <subfield code="z">Bangladesh</subfield>
    <subfield code="v">Encyclopedias.</subfield>
    <subfield code="9">422</subfield>
  </datafield>
  <datafield tag="700" ind1="1" ind2=" ">
    <subfield code="a">&#x986;&#x9B9;&#x9AE;&#x9C7;&#x9A6;, &#x99C;&#x9BF;&#x9AF;&#x9BC;&#x9BE; &#x989;&#x9A6;&#x9CD;&#x9A6;&#x9BF;&#x9A8; </subfield>
    <subfield code="9">428</subfield>
  </datafield>
  <datafield tag="700" ind1="1" ind2=" ">
    <subfield code="a">&#x9AC;&#x9C7;&#x997;&#x9AE;, &#x99C;&#x9C7;&#x9A1; &#x98F;&#x9A8; &#x9A4;&#x9BE;&#x9B9;&#x9AE;&#x9BF;&#x9A6;&#x9BE; </subfield>
    <subfield code="9">429</subfield>
  </datafield>
  <datafield tag="700" ind1="1" ind2=" ">
    <subfield code="a">&#x9B9;&#x9BE;&#x9B8;&#x9BE;&#x9A8;, &#x9AE;&#x9CB;&#x9B9;&#x9BE;&#x9AE;&#x9CD;&#x9AE;&#x9A6; &#x986;&#x9AC;&#x9C1;&#x9B2; </subfield>
    <subfield code="9">430</subfield>
  </datafield>
  <datafield tag="700" ind1="1" ind2=" ">
    <subfield code="a">&#x996;&#x9A8;&#x9CD;&#x9A6;&#x995;&#x9BE;&#x9B0;, &#x9AE;&#x9C1;&#x9A8;&#x9BF;&#x9B0;&#x9C1;&#x99C;&#x9CD;&#x99C;&#x9BE;&#x9AE;&#x9BE;&#x9A8; </subfield>
    <subfield code="9">431</subfield>
  </datafield>
  <datafield tag="700" ind1="1" ind2=" ">
    <subfield code="a">&#x995;&#x9AC;&#x9BF;&#x9B0;, &#x9B8;&#x9C8;&#x9AF;&#x9BC;&#x9A6; &#x9AE;&#x9CB;&#x9B9;&#x9BE;&#x9AE;&#x9CD;&#x9AE;&#x9A6; &#x9B9;&#x9C1;&#x9AE;&#x9BE;&#x9AF;&#x9BC;&#x9C1;&#x9A8; </subfield>
    <subfield code="9">432</subfield>
  </datafield>
  <datafield tag="710" ind1="2" ind2=" ">
    <subfield code="a">&#x9AC;&#x9BE;&#x982;&#x9B2;&#x9BE;&#x9A6;&#x9C7;&#x9B6; &#x98F;&#x9B6;&#x9BF;&#x9AF;&#x9BC;&#x9BE;&#x99F;&#x9BF;&#x995; &#x9B8;&#x9CB;&#x9B8;&#x9BE;&#x987;&#x99F;&#x9BF; </subfield>
    <subfield code="9">433</subfield>
  </datafield>
  <datafield tag="906" ind1=" " ind2=" ">
    <subfield code="a">7</subfield>
    <subfield code="b">cbc</subfield>
    <subfield code="c">origode</subfield>
    <subfield code="d">2</subfield>
    <subfield code="e">ncip</subfield>
    <subfield code="f">20</subfield>
    <subfield code="g">y-gencatlg</subfield>
  </datafield>
  <datafield tag="942" ind1=" " ind2=" ">
    <subfield code="2">ddc</subfield>
    <subfield code="c">BK</subfield>
  </datafield>
</record>
